College Football Helmets #4 - Statistics

General Stats
  • This quiz has been taken 102 times
  • The average score is 19 of 28
Answer Stats
Picture Answer % Correct
Arizona State
95%
Ohio State
94%
Oregon
91%
Kansas
89%
Duke
88%
Maryland
88%
Iowa State
86%
Notre Dame
85%
Oklahoma State
85%
TCU
83%
Texas A&M
83%
Virginia Tech
82%
Baylor
80%
Michigan State
80%
Louisville
79%
North Carolina
77%
Minnesota
76%
Mississippi State
76%
SMU
67%
UCF
65%
Missouri
59%
Illinois
44%
California
39%
Arizona
38%
Kentucky
32%
South Carolina
26%
West Virginia
12%
Utah
11%
No matching quizzes found
Score Distribution
Percent of People with Each Score
Percentile by Number Answered
Your Score History
You have not taken this quiz